000 00553nam a2200181Ia 4500
008 090123s9999 xx 000 0 und d
082 _b37983
100 _aबिनीवाले अविनाश
245 _aबोलू कवतिके
250 _a1
260 _bराजहंस
_c2005
300 _a85
600 _aबिनीवाले अविनाश
630 _aबोलू कवतिके
700 _aबिनीवाले अविनाश
730 _aबोलू कवतिके
942 _cBOOK
999 _c76051
_d76051